00445nam a2200181Ia 4500008004100000020001400041050001400055100002200069245002200091245005000113260001500163260001600178260000900194300001500203300002700218300001000245500000800255170918s9999 xx 000 0 und d a590406116 bS751 1940 aSperry, Armstrong aCall it courage / cArmstrong Sperry ; illustrations by Dom Lupo. aNew York : bScholastic, c1940 a92 pages : bcolored illustration ; c17cm. a830